Quizzes
Events
Quiz Creation
Community
Videos
Private Events
Remove Ads
Sign In
Join for FREE
Feedback
Dark Mode
Quiz Categories
Sports
Geography
Music
Movies
Television
Just For Fun
Miscellaneous
History
Literature
Language
Science
Gaming
Entertainment
Religion
Holiday
For Kids
Quiz Lab
Recent
Popular Today
Quiz Kudos Today
Editor Picks
Curator Picks
Quizzes by...
Day
Popularity
Type
Ratings
Length
Year
Community
Subscriptions
Recent Discussions
Orange Saloon
Badges
Playlists
Quests
Create
Leaderboards
Showdown
Live 5
Trivia Bingo
Activity
Puzzle Library
Sporcle Events
Private Events
Virtual Trivia
Globe League
Become a Host
Pub Owners
SporcleCon
Opinionation
Our Games
Videos
Blog
Mobile Apps
Partnerships
Remove Ads and Go Orange
Feedback
Miscellaneous
Crossword
General Knowledge
Baby Names
Logo
Food
Cars
Numbers
Grab Bag
University
College
Popular
Company
Slogans
Restaurants
Justice
Letter
Miscellaneous
Crossword
General Knowledge
Baby Names
Logo
Food
Cars
Numbers
Grab Bag
University
College
Popular
Company
Slogans
Restaurants
Justice
Letter
Random Quiz
Search Sporcle
×
Quiz Lab
Quiz Lab
Miscellaneous
Vocabulary
Click on answers out of a set of options
Click on answers out of a set of options
Multiple Choice
Best Score? Go Orange.
1970s SAT Analogy Quiz II Stats
How well can you score on this sample SAT analogy quiz from the 1970's?
By
robtkoch
10m
20 Questions
150 Plays
150 Plays
150 Plays
Comments
Comments
Give Quiz Kudos
Give Quiz Kudos
-
- Ratings
hide this ad
Random Order
Randomize order of answers
Randomize order of answers
Replay
Link that replays current quiz
Next Quiz
Link to next quiz in quiz playlist
You Got
0%
They Got
Avg Score
68%
Avg Friend Score
Upgrade to see
Score Distribution
Jump to the score distribution portion of the page
Score
0/20
Timer
10:00
0
Plays Today
Question
Answer
Wrong Answers
wood : carve ::
clay : mold
84.7%
paper : burn
5.3%
pipe : blow
2%
statue : model
2%
France : Europe ::
Algeria : Africa
78.7%
Australia : New Zealand
4.7%
Paris : France
7.3%
India : Pakistan
3.3%
worried : hysterical
happy : ecstatic
78.7%
hot : cold
5.3%
peeved : bitter
9.3%
frozen : cold
2%
state : border ::
property : fence
78%
nation : state
8%
Idaho : Montana
4%
planet : satellite
2%
asylum : refugee ::
destination : traveler
78%
peace : war
5.3%
lunatic : insanity
6.7%
accident : injury
3.3%
player : team ::
fish : school
76%
fawn : doe
1.3%
book : story
7.3%
ball : bat
6.7%
2 : 5 ::
6 : 15
75.3%
5 : 7
9.3%
6 : 17
2%
5 : 14
6%
poison : death ::
kindness : cooperation
75.3%
book : pages
6%
music : violin
10%
nothing : something
2%
insult : invulnerable ::
assault : impregnable
74.7%
success : capable
10%
research : diffcult
2%
poverty : miserable
5.3%
soldier : regiment ::
star : constellation
72.7%
navy : army
10.7%
lake : river
2.7%
flock : geese
6%
Control : Order ::
anarchy : chaos
70%
discipline : school
8%
teacher : pupil
4%
government : legislator
10.7%
banana : bunch ::
city : state
68%
world : earth
4.7%
universe : planet
10.7%
president : nation
8.7%
Lincoln : Nebraska ::
Trenton : New Jersey
67.3%
Washington : D.C.
8.7%
Chicago : New York
3.3%
city : state
14%
moth : clothing ::
stigma : reputation
65.3%
egg : larva
9.3%
suit : dress
6%
hole : repair
14%
law : citizen ::
reins : horse
65.3%
weapon : peace
1.3%
gangster : policeman
7.3%
tyranny : despot
19.3%
decision : consideration ::
fulfillment : wish
56%
gift : party
4%
plea : request
30.7%
charity : greed
2%
boxer : gloves ::
bacteriologist : microscope
54%
swimmer : water
13.3%
librarian : glasses
24%
businessman : bills
0.7%
delusion : mirage ::
haunter : specter
51.3%
desert : oasis
11.3%
imagination : concentration
11.3%
dream : reality
20.7%
buzz : hum ::
tinkle : clang
50%
noise : explosion
10%
crack : whip
17.3%
reverberation : peal
16%
word : charade ::
message : code
44.7%
phrase : act
30.7%
idea : philosophy
12%
graph : chart
6%
Quiz Playlist
Details
Report
Send in Message
Add To Playlist
Multiple Choice:
Click on answers out of a set of options
Random Order:
Randomize order of answers
Last Updated: May 29, 2017
Quiz Scoreboard
CHALLENGE
Sign Up to Join the Scoreboard
Show All
Scores
Hide
Comments
May contain spoilers
Recently Published
Women Country Music Singer Match-Up
by babymonkee
Music
5m
TV Characters by Other Roles V
by ghcgh
Television
5m
Decade Duel: World Leaders
by jenniferyan
History
4m
More to Explore
Quiz From the Vault
Featured Blog Post
15 Basketball Trivia Facts You Can Be March Mad About
hide this ad
You Might Also Like...
Tags
Vocabulary Quiz
1970s
Analogy
Multiple Choice
SAT
Today's Top Quizzes in Miscellaneous
Browse Miscellaneous
hide this ad
Today's Top Quizzes in Vocabulary
Browse Vocabulary
Top Contributed Quizzes in Miscellaneous
1
The JOE quick-fire general knowledge quiz: Day 166
2
The JOE quick-fire general knowledge quiz: Day 167
3
Spring Months consonants
4
The JOE quick-fire general knowledge quiz: Day 165
5
Pick 6: Supreme Pizza
6
Four Seasons
7
Pick 6: Vegetables
8
Pick 6: University Mascots
9
Guess the 'S' Things in 3 Words
10
The JOE quick-fire general knowledge quiz: Day 164
Explore More
Trending Topics
Crossword
Anime
Marvel
Kpop
NBA
Disney
Harry Potter
Song
The Office
Pokémon
Country
NFL
Puzzle
WWE
Soccer
hide this ad
More By:
robtkoch
Quiz
Plays
Rating
Category
Featured
Created
Really Bad Dad jokes
4,988
4.80
Just For Fun
Aug 15, 2019
Complete the Ad Slogan (clickable)
3,513
4.53
Television
Sep 22, 2017
Advertising Slogans from the 60's
2,467
4.60
Miscellaneous
Jun 2, 2017
Wise Sayings and Old Adages
2,041
4.89
Just For Fun
Dec 28, 2019
Television Firsts
1,782
4.69
Television
Oct 6, 2017
Go to Creator's Profile
Score Distribution
Quiz Creator Spotlight
robtkoch
Follow
Send a Message
Quizzes Created
-
Created Quiz Play Count
-
More By This Creator
Popular Quizzes Today
1
Countries of Asia Without Outlines Minefield
2
Find the US States - No Outlines Minefield
3
Pick 6: Fruits
4
The Countries of the World
5
Find the Countries of Europe - No Outlines Minefield
6
Alphabetical 'K' Countries by Flag Minefield
7
Find the US States
8
US States
More Miscellaneous Quizzes
Chocolate Bars Missing Letters
Editor's Pick
Trending Quizzes
Pick 6: Mountains
Pick 6: Harry Potter
Pick 6: NFL Teams
Pick 6: Flags
C Names for Actors
Recently Updated
Adaptations: Name the Title
pecheneg
NWSL Teams
pecheneg
Women's Final Four Teams by Year
bhenderson79
Presidents Quartet II
eogle
Anything But Clue(do)
eogle
Anything But Oceanian Capitals
eogle
Anything But 7
eogle
Anything But Thing
eogle
Word Ladder: February 29
pecheneg
Song Title Questions
pecheneg
Trending Topics
Crossword
Disney
Harry Potter
Kpop
Anime
NBA
Marvel
Song
NFL
Pokémon
Puzzle
The Office
Soccer
Country
WWE
Your Account Isn't Verified!
In order to create a playlist on Sporcle, you need to verify the email address you used during registration. Go to your
Sporcle Settings
to finish the process.
Report this User
Report this user for behavior that violates our
Community Guidelines
.
Details:
Send Report
Go to the Sporcle.com Mobile Site →
Comments